000 00781nam a2200241 i 4500
001 15921
003 ES-MaACL
005 20230906151209.0
007 t|
008 000519s1999 sp ||||1| spa d
020 _a84-95099-09-8
080 _a908.460.186 Oncala
100 1 _aIglesia Hernández, Pedro.
_965067
245 1 0 _aOncala ayer y hoy /
_cPedro Iglesia Hernández.
260 _aSoria :
_bDiputación Provincial de Soria,
_c1999.
300 _a479 p. :
_bil. col. y n. ;
_c24 cm.
490 1 _aColección Temas sorianos ;
_v40
651 4 _aOncala-
_xDescripción.
_99129
710 1 _aSoria (Provincia).
_bDiputación Provincial.
_96880
830 0 _aColección Temas sorianos ;
_v40
_9180328
852 _aES-MaACL
_jL-22855
_bR.128167
999 _c15921
_d15921